Introduction to mechanics of materials /
This book provides knowledge of the relations between the loads applied to a nonrigid body made of a given material and the resulting deformations of the body, the stresses and strains for a wide variety of conditions and materials...
Gardado en:
| Autor Principal: | |
|---|---|
| Outros autores: | |
| Formato: | Libro |
| Idioma: | English |
| Publicado: |
New York :
John Wiley and Sons,
1989.
|
| Những chủ đề: | |
| Các nhãn: |
Engadir etiqueta
Sen Etiquetas, Sexa o primeiro en etiquetar este rexistro!
|
| Thư viện lưu trữ: | Mạng thư viện Đại học Đà Nẵng |
|---|
| LEADER | 01421cam a2200373 i 4500 | ||
|---|---|---|---|
| 001 | 000048889 | ||
| 003 | 8615 | ||
| 005 | 20180119140110.0 | ||
| 008 | 010324b1989 vm 000 eng | ||
| 020 | |a 0471849332 | ||
| 040 | |a LRCC |c LRCC |d LRCC | ||
| 041 | 0 | |a eng | |
| 082 | 1 | 4 | |a 620.112 |b RI-W |
| 100 | 1 | |a Riley, William F. | |
| 245 | 0 | 0 | |a Introduction to mechanics of materials / |c William F. Riley, Loren W. Zachary. |
| 260 | |a New York : |b John Wiley and Sons, |c 1989. | ||
| 300 | |a 747 p. ; |c 23.5cm. | ||
| 520 | 3 | |a This book provides knowledge of the relations between the loads applied to a nonrigid body made of a given material and the resulting deformations of the body, the stresses and strains for a wide variety of conditions and materials... | |
| 630 | 0 | 4 | |a Strength of materials. |
| 650 | 0 | 4 | |a Structural analysis (Engineering) |
| 650 | 0 | 4 | |a Strength of materials. |
| 700 | 1 | |a Zachary, Loren W. | |
| OWN | |a DUT | ||
| AVA | |a UDN50 |b DUT |c Book |d 620.112 RI-W |e available |t Error 5001 Not defined in file expand_doc_bib_avail. |f 1 |g 0 |h N |i 0 |j SH |k 1 | ||
| 999 | |a From the UDN01 | ||
| AVA | |a UDN50 |b DUT |c Book |d 620.112 RI-W |e available |t Error 5001 Not defined in file expand_doc_bib_avail. |f 1 |g 0 |h N |i 0 |j SH |k 1 | ||
| TYP | |a Monograph | ||
| TYP | |a Printed language | ||
| 980 | |a Mạng thư viện Đại học Đà Nẵng | ||


